Statistics for All weapons in Garena Free Fire

Click here to take the quiz!

General Stats

  • This quiz has been taken 124 times
  • The average score is 15 of 33

Answer Stats

ALL WEAPONSAnswer% Correct
ARAK
87%
ARSCAR
86%
SNIPER RIFLESAWM
82%
SMG & LMGMP40
77%
SMG & LMGUMP
73%
SMG & LMGMP5
70%
Shotguns And LaunchersM1014
68%
ARM4A1
60%
Pistols And CrossbowCrossbow
51%
Pistols And CrossbowG18
51%
ARFAMAS
49%
Pistols And CrossbowDesert Eagle
47%
ARGROZA
47%
Pistols And CrossbowUSP
46%
SNIPER RIFLESKAR98K
45%
Pistols And CrossbowM500
45%
ARSKS
43%
ARM14
40%
ARAN94
39%
Melee Weapons And ThrowablesPan
39%
Shotguns And LaunchersSPAS12
39%
Melee Weapons And ThrowablesGrenade
38%
ARM60
37%
SMG & LMGP90
37%
SMG & LMGVSS
35%
Shotguns And LaunchersM79
33%
Melee Weapons And ThrowablesBat
28%
ARDragunov
21%
SMG & LMGM249
21%
Melee Weapons And ThrowablesParang
21%
Pistols And CrossbowM1873
13%
Shotguns And LaunchersMGL140
12%
SMG & LMGTreatment Gun
7%

Score Distribution

Percentile by Number Answered

Percent of People with Each Score

Your Score History

You have not taken this quiz